|
|
|
|
| LEADER |
00000nam0a2200000 4500 |
| 001 |
350678 |
| 005 |
20231102010327.0 |
| 035 |
|
|
|a (RuTPU)RU\TPU\retro\4905
|
| 090 |
|
|
|a 350678
|
| 100 |
|
|
|a 20190220d1987 k y0rusy50 ca
|
| 101 |
0 |
|
|a rus
|
| 102 |
|
|
|a RU
|
| 105 |
|
|
|a a dm 001zy
|
| 200 |
1 |
|
|a Электрический взрыв в твердых диэлектриках в режимах технологического применения
|e автореферат диссертации на соискание ученой степени доктора физико-математических наук
|e спец. 01.04.13
|f Б. В. Семкин
|g Томский политехнический институт (ТПИ) ; Академия наук СССР (АН СССР), Сибирское отделение (СО), Институт сильноточной электроники (ИСЭ)
|
| 210 |
|
|
|a Томск
|c [Б. и.]
|d 1987
|
| 215 |
|
|
|a 40 с.
|c ил.
|
| 300 |
|
|
|a Защита сост. 3.03.1988 г.
|
| 320 |
|
|
|a Библиогр.: с. 37-40 (46 назв)
|
| 371 |
0 |
|
|a For_staff_use
|
| 606 |
1 |
|
|a Электрический взрыв
|x Физика
|2 stltpush
|3 (RuTPU)RU\TPU\subj\71170
|9 85195
|
| 610 |
1 |
|
|a твердые диэлектрики
|
| 610 |
1 |
|
|a пробой
|
| 610 |
1 |
|
|a феноменология
|
| 610 |
1 |
|
|a энергобалансы
|
| 610 |
1 |
|
|a термодинамические аспекты
|
| 610 |
1 |
|
|a импульсные механические разрушающие нагрузки
|
| 610 |
1 |
|
|a источники
|
| 610 |
1 |
|
|a электрическая искра
|
| 610 |
1 |
|
|a электровзрыв
|
| 610 |
1 |
|
|a применение
|
| 610 |
1 |
|
|a генерирующее оборудование
|
| 610 |
1 |
|
|a технологические аспекты
|
| 610 |
1 |
|
|a авторефераты диссертаций
|
| 610 |
1 |
|
|a труды учёных ТПУ
|
| 675 |
|
|
|a 537.521(04)
|v 4
|
| 686 |
|
|
|a 01.04.13
|2 oksvnk
|
| 700 |
|
1 |
|a Семкин
|b Б. В.
|c российский ученый
|c электрофизик
|c профессор Томского политехнического университета
|f 1941-
|g Борис Васильевич
|2 stltpush
|3 (RuTPU)RU\TPU\pers\19864
|
| 712 |
0 |
2 |
|a Томский политехнический институт (ТПИ)
|c (1944-1991)
|2 stltpush
|3 (RuTPU)RU\TPU\col\1123
|
| 712 |
0 |
2 |
|a Академия наук СССР (АН СССР)
|b Сибирское отделение (СО)
|b Институт сильноточной электроники (ИСЭ)
|c (Томск)
|2 stltpush
|3 (RuTPU)RU\TPU\col\11436
|
| 801 |
|
1 |
|a RU
|b 63413507
|c 20190220
|
| 942 |
|
|
|c BK
|